000 00450cam a2200181ua 4500
020 _c10.00
041 _aeng
_h
082 _a512
_bSMI/TR
100 _aSmith, Charles .
245 _aTreatise on algebra /
_cSmith Charles.
_hTextual Documents
250 _a5 /
_b.
260 _aMelbourne,London :
_bMacMillan and Company Limited ,
_c1957.
300 _a646 ; .
365 _a10.00
504 _a
942 _cBK
999 _c9067
_d9067